000 00794nam a2200265 a 4500
008
020 _a0393090760 (pbk.)
049 _aMAIN
090 _aQA276.A2
_bFRE
100 1 _aFreedman, David.
245 1 0 _aStatistics /
_cDavid Freedman, Robert Pisani, Roger Purves.
260 _aNew York :
_bNorton,
_cc1978.
300 _axv, 506, [83] p. :
_bill. ;
_c26 cm.
504 _aIncludes bibliographical references.
500 _aIncludes index.
650 0 _aMathematical statistics.
650 0 _aStatistics
700 1 _aPisani, Robert,
_ejoint author.
700 1 _aPurves, Roger,
_ejoint author.
907 _a.b10034043
_b23-02-15
_c17-04-03
003
005 20230123133155.0
040 _cNUST
942 _cBOOKS
_kQA276.A2
_mFRE
999 _c144016
_d144016